Which British football team USED TO have a ground called...... - Statistics

General Stats
  • This quiz has been taken 76 times
  • The average score is 7 of 10
Answer Stats
Hint Answer % Correct
Highbury Arsenal
95%
Upton Park West Ham
95%
Maine Road Manchester City
79%
The Dell Southampton
79%
Roker Park Sunderland
79%
Burnden Park Bolton
58%
Ayresome Park Middlesbrough
56%
Vetch Field Swansea
55%
Goldstone Ground Brighton
50%
The Old Showground Scunthorpe
14%
No matching quizzes found
Score Distribution
Percent of People with Each Score
Percentile by Number Answered
Your Score History
You have not taken this quiz